André Malraux ou le temps du silence
Saved in:
| Main Author: | |
|---|---|
| Format: | Book |
| Language: | Undetermined |
| Published: |
París, Francia
Table ronde du combat
1966
|
| Subjects: | |
| Tags: |
Add Tag
No Tags, Be the first to tag this record!
|
MARC
| LEADER | 00000nam a2200000Ia 4500 | ||
|---|---|---|---|
| 008 | 170316s9999 xx 000 0 und d | ||
| 999 | |c 7526 |d 7526 | ||
| 040 | |a cru BVZT | ||
| 090 | |a 840 B-30a | ||
| 100 | |a Brincourt, André | ||
| 245 | |a André Malraux ou le temps du silence | ||
| 260 | |a París, Francia | ||
| 260 | |b Table ronde du combat | ||
| 260 | |c 1966 | ||
| 300 | |a 256 páginas | ||
| 650 | |a LITERATURA FRANCESA |9 109 | ||
| 942 | |c 15 D |h 840 B-30a |2 z | ||
